| 000 | 01019nam a2200301 a 4500 | ||
|---|---|---|---|
| 001 | 3436055 | ||
| 003 | OSt | ||
| 005 | 20240530110936.0 | ||
| 008 | 931130s1993 wiua b 000 0 eng | ||
| 020 | _a0697126250 | ||
| 040 |
_aDLC _cDLC |
||
| 043 |
_an-us--- _an-cn--- |
||
| 082 | 0 | 0 |
_220 _a306.483/ _bE S |
| 100 | 1 | _aEitzen, D. Stanley. | |
| 245 | 1 | 0 |
_aSociology of North American sport / _cD. Stanley Eitzen, George H. Sage. |
| 250 | _a5th ed. | ||
| 260 |
_aMadison, Wis. : _bW.C.B. Brown & Benchmark, _cc1993. |
||
| 300 |
_axiv, 416 p. : _bill. ; _c24 cm. |
||
| 504 | _aIncludes bibliographical references and index. | ||
| 650 | 0 |
_aSports _xSocial aspects _zUnited States. |
|
| 650 | 0 |
_aSports _xSocial aspects _zCanada. |
|
| 650 | 0 |
_aSports _zUnited States _xSociological aspects. |
|
| 650 | 0 |
_aSports _zCanada _xSociological aspects. |
|
| 700 | 1 | _aSage, George Harvey. | |
| 906 |
_a7 _bcbc _corignew _d3 _eopcn _f19 _gy-gencatlg |
||
| 942 |
_2ddc _cBK |
||
| 999 |
_c66737 _d66737 |
||